000 00787nam a22002777a 4500
001 0074
003 DO-SdBNP
005 20180223153215.0
007 0074
008 150925b 2011 ag ac 00| 0 spa d
020 _a9789876080941
040 _aBPMSU
_bspa
_cBPMSU
082 4 _a372.87
_bR237p
100 1 0 _aRatti, Marcelo
245 1 0 _aPiquillines /
_cMarcelo Ratti, ilustraciones Paola Franco
246 _aPiquillines: cancionero infantil /
260 _aArgentina :
_bLandeira,
_c2011.
300 _a190 p. :
_bils.,
_c32 cm + CD-ROM
650 _aCANCIONES INFANTILES
650 _aJUEGOS CON MÚSICA
700 _aFranco, Paola,
_eil.
942 _2ddc
_cBK
945 _aInventariado, 2018/ YL
956 _aBrenda Tavárez
956 _aValidado. Control de calidad MFF
999 _c8288
_d8288